000 00777nam a2200265 a 4500
001 000022543
003 DO-SdBNP
005 20180403104842.0
007 000022543
008 101013s1993 dr 000 p spa d
020 _a8489525463
040 _aBPMSU
_bspa
_cBPMSU
082 4 _aRD861.44
_bH557v
100 1 _aHernández Caamaño, Ida,
_d1949-
245 1 0 _aViajera del polvo /
_cIda Hernández Caamaño.
260 _aSanto Domingo :
_bINTEC,
_c1993.
300 _a64 p. ;
_c23 cm.
650 4 _aPOESÍA DOMINICANA
650 4 _aLITERATURA DOMINICANA
710 _aInstituto Tecnológico de Santo Domingo
910 _aValidado. Control de calidad MFF
942 _2ddc
_cBK
945 _a Inventariado / 2017 VM
956 _aVMATEO
_b10
_c20150508
_lBPMSU
_h00151
999 _c7822
_d7822